00945nam a22001697a 4500003000900000005001700009008004100026040001300067100002700080245024700107260004700354300004100401500011100442650005000553651005900603856011300662BR-ViAPE20260423114038.0260423s1878 por gsds|| 000 0 por d cBR-ViAPE aMarques, Cezar Augusto aDicionário histórico, geográfico e estatístico da Província do Espírito Santo:borganizado em virtude do contrato celebrado aos 6 de julho de 1876 com o Presidente da mesma Província pelo Doutor em medicina Cezar Augusto Marques aRio de JaneirobTypographia Nacionalc1878 a366 p.bDocumento digitalizado (PDF) aDocumento digitalizado do acervo institucional do Arquivo Público do Estado do Espírito Santo - APEES. aAdministração públicazEspírito Santo aEspírito SantoxHistóriaxGeografiaxEstatística uhttps://ape.es.gov.br/Media/ape/PDF/Livros/Livros_Historicos/12346.pdfyCLIQUE AQUI PARA ACESSAR O DOCUMENTO